Engineering by design / (Record no. 9159)

MARC details
000 -LEADER
fixed length control field 00782nac a22002171u 4500
010 ## - LIBRARY OF CONGRESS CONTROL NUMBER
LC control number 2003068967
020 ## - INTERNATIONAL STANDARD BOOK NUMBER
International Standard Book Number 0131409190 (pbk.)
082 00 - DEWEY DECIMAL CLASSIFICATION NUMBER
Classification number 620.0042
Item number VOL
090 ## - LOCALLY ASSIGNED LC-TYPE CALL NUMBER (OCLC); LOCAL CALL NUMBER (OCLC)
-- 9159
-- 9159
100 ## - MAIN ENTRY--PERSONAL NAME
Personal name Voland, Gerard.
245 10 - TITLE STATEMENT
Title Engineering by design /
Statement of responsibility, etc Gerard Voland.
250 ## - EDITION STATEMENT
Edition statement 2nd ed.
260 ## - PUBLICATION, DISTRIBUTION, ETC. (IMPRINT)
Place of publication, distribution, etc Upper Saddle River, N.J. :
Name of publisher, distributor, etc Pearson/Prentice Hall,C.2004.
Date of publication, distribution, etc C.2004.
300 ## - PHYSICAL DESCRIPTION
Extent xxx, 610 p. :
Other physical details ill. ;
Dimensions 24 cm.
500 ## - GENERAL NOTE
General note Distributer: Sphinx.
504 ## - BIBLIOGRAPHY, ETC. NOTE
Bibliography, etc Includes bibliographical references (p. [581]-592) and index.
511 ## - PARTICIPANT OR PERFORMER NOTE
Participant or performer note Catalogued By: Mahitab.
650 #0 - SUBJECT ADDED ENTRY--TOPICAL TERM
Topical term or geographic name as entry element Engineering design.
942 ## - ADDED ENTRY ELEMENTS (KOHA)
Item type Book - Borrowing
Call number prefix 620.0042VOL
Holdings
Withdrawn status Item status Damaged status Not for loan Home library Current library Shelving location Date acquired Source of acquisition Total Checkouts Full call number Barcode Date last seen Date last borrowed Koha item type
        Central Library Central Library First floor 08/04/2016 Purchase 1 620.0042VOL 000011275 15/07/2025 17/09/2009 Book - Borrowing